00501nam a2200193 a 4500001001300000003000900013005001700022008004100039020000800080082002000088100001400108245007300122260003400195300000900229500003500238505001000273650001000283700001400293nice12345678IN_TiNIC20260116011422.0050524s1958 edia grp 000 0 eng  ac000a306.089927bATI aAtiyah, E aArabsb Origins, Present Conditions, and Prospects of the Arab World aEdinburghbPenguin Bookc1958 a250p aincludes index and biblioraphy2 aIndex aArabs1 aAtiyah, E